000 00714nam a22002177a 4500
003 UA-OsUOA
001 122857
007 ta
008 20170523b un ||||| |||| 00| 0 ukr d
100 _aЮшко С.В.
090 _a330(477)
_bЮ96
942 _cSA
040 _aUA-OsUOA
_bukr
_cUA-OsUOA
_dUA-OsUOA
245 _aСпеціальний фонд у складі доходів державного бюджету України: особливості формування та використання
300 _aС.22-42
955 _a0
041 _aukr
080 _a330(477)
773 0 _w122854
_tФінанси України
_dК.
_d2017
_g4
650 7 _a330 Економіка взагалі
_2UDC
999 _c409496
_d409496